El decreto 138/2025 : (Registro nro. 5461)
[ vista simple ]
| 000 -LEADER | |
|---|---|
| fixed length control field | 01384nab a22002297a 4500 |
| 003 - CONTROL NUMBER IDENTIFIER | |
| control field | OSt |
| 005 - DATE AND TIME OF LATEST TRANSACTION | |
| control field | 20251113103753.0 |
| 008 - FIXED-LENGTH DATA ELEMENTS--GENERAL INFORMATION | |
| fixed length control field | 190604e xxu||||| |||| 00| 0 spa d |
| 040 ## - CATALOGING SOURCE | |
| Transcribing agency | PJ |
| 100 ## - MAIN ENTRY--PERSONAL NAME | |
| 9 (RLIN) | 6464 |
| Personal name | Massini Ezcurra, Martín |
| 245 13 - TITLE STATEMENT | |
| Title | El decreto 138/2025 : |
| Remainder of title | monopolio y desregulación de sociedades de autores / |
| Statement of responsibility, etc | Farini Duggan, Tomás |
| 260 ## - PUBLICATION, DISTRIBUTION, ETC. (IMPRINT) | |
| Place of publication, distribution, etc | Ciudad Autónoma de Buenos Aires : |
| Name of publisher, distributor, etc | Thomson Reuters La Ley, |
| Date of publication, distribution, etc | 2025. |
| 300 ## - PHYSICAL DESCRIPTION | |
| Extent | p. 48-57 |
| 500 ## - GENERAL NOTE | |
| General note | Cita Online: TR LALEY AR/DOC/1117/2025.<br/> |
| 505 ## - FORMATTED CONTENTS NOTE | |
| Title | Sumario: Sumario: I. Introducción.— II. Art. 1° del dec. 138/2025: monopolio versus competencia o gestión individual.— III. Modos de utilización de las obras. Gestión colectiva ¿indispensable?— IV. Algunos argumentos a favor de las sociedades autorales monopólicas.— V. Selección de algunos temas del resto del articulado del dec. 138/2025.— VI. ¿Qué pasa con las SGCDAyC existentes de ahora en más?— VII. Conclusiones.— VIII. Bibliografía.<br/> |
| 505 ## - FORMATTED CONTENTS NOTE | |
| Title | ¿Te interesa el texto completo? Solicitalo al correo: koha@justierradelfuego.gov.ar |
| 650 #0 - SUBJECT ADDED ENTRY--TOPICAL TERM | |
| 9 (RLIN) | 3459 |
| Topical term or geographic name as entry element | DERECHOS DE AUTOR |
| 650 #0 - SUBJECT ADDED ENTRY--TOPICAL TERM | |
| 9 (RLIN) | 4665 |
| Topical term or geographic name as entry element | MONOPOLIO |
| 650 #0 - SUBJECT ADDED ENTRY--TOPICAL TERM | |
| 9 (RLIN) | 3458 |
| Topical term or geographic name as entry element | PROPIEDAD INTELECTUAL |
| 773 0# - HOST ITEM ENTRY | |
| Host Biblionumber | 2714 |
| Host Itemnumber | 3171 |
| Place, publisher, and date of publication | Ciudad Autónoma de Buenos Aires : Thomson Reuters La Ley, 2014- |
| Title | Revista anales de legislación argentina. Nº 6 - Junio 2025. |
| 942 ## - ADDED ENTRY ELEMENTS (KOHA) | |
| Source of classification or shelving scheme | |
| Koha item type | Analítica Artículo de Revista |
No hay ítems disponibles.
